Normal view
MARC view
- Syeda Tazeen Fatima
Entry Personal Name
001 - CONTROL NUMBER
- control field: 70106
003 - CONTROL NUMBER IDENTIFIER
- control field: NUST
005 - DATE AND TIME OF LATEST TRANSACTION
- control field: 20210628204355.0
008 - FIXED-LENGTH DATA ELEMENTS
- fixed length control field: 210628|| aca||aabn | a|a d
040 ## - CATALOGING SOURCE
- Original cataloging agency: NUST
- Transcribing agency: NUST
100 ## - HEADING--PERSONAL NAME
- Personal name: Syeda Tazeen Fatima
670 ## - SOURCE DATA FOUND
- Source citation: Work cat.: (NUST): Syeda Tazeen Fatima, TH-SOF-1252-A PREDICTIVE ANALYTICS APPROACH TO PROJECT MANAGEMENT REDUCING PROJECT FAILURES IN WEB & SOFTWARE DEVELOPMENT PROJECTS, 2016
